All the mathematics you missed : (Record no. 78087)

MARC details
000 -LEADER
fixed length control field 00690nam a22002057a 4500
005 - DATE AND TIME OF LATEST TRANSACTION
control field 20130910113154.0
010 ## - LCCN (DPL NO)
LC control number ENG-108157
020 ## - INTERNATIONAL STANDARD BOOK NUMBER
International Standard Book Number 9780521670340
Terms of availability 445.00
035 ## - SYSTEM CONTROL NUMBER
System control number EN-91690
037 ## - SOURCE OF ACQUISITION
Source of stock number/acquisition DBAD/PUB
082 ## - DEWEY DECIMAL CLASSIFICATION NUMBER
Classification number 510
100 ## - MAIN ENTRY--PERSONAL NAME
Personal name Garrity, Thomas A.
245 10 - TITLE STATEMENT
Title All the mathematics you missed :
Statement of responsibility, etc by Thomas A. Garrity
Remainder of title but need to know for graduate school /
260 ## - PUBLICATION, DISTRIBUTION, ETC. (IMPRINT)
Place of publication, distribution, etc New Delhi
Name of publisher, distributor, etc Cambridge University Press
Date of publication, distribution, etc 2010(repr.)
270 ## - ADDRESS
Address 4381/4, Ansari Road, Daryaganj
City New Delhi
Postal code 110002
300 ## - PHYSICAL DESCRIPTION
Extent xxvii,347p. :
Dimensions 24cm(pbk)
Other physical details ill.
500 ## - GENERAL NOTE
General note Includes bibliographical references and index
650 ## - SUBJECT ADDED ENTRY--TOPICAL TERM
Topical term or geographic name as entry element Mathematics
942 ## - ADDED ENTRY ELEMENTS (KOHA)
Source of classification or shelving scheme Dewey Decimal Classification
Item type English Books
Call number suffix GAR
Classification part 510
Holdings
Withdrawn status Lost status Not for loan Collection code Home library Current library Date acquired Source of acquisition Cost, normal purchase price Full call number Barcode Copy number Cost, replacement price Koha item type
    Not For Loan Non-fiction D.B.Act.Division D.B.Act.Division 26/07/2013 DBAD/PUB 445.00 510 GAR EN-91690 1 445.00 English Books

© Delhi Public Library
Hit Counter
free hit counter